00802nam a2200205 a 450000100100000000500170001000800410002704000250006808200160009310000380010924501150014726000390026230000350030150000370033650000430037371000340041604900090045095201200045999900170057900002323220200930022057.0101130s1981 mx ac r 000 0 spa d aDO-SdBNPbspacBNPHU axxxxbR696t1 aRodríguez Pazos, Tomás94783910aTaller de lectura y redacción :btécnicas para la expresión oral y escrita /cTomás Rodríguez Pazos. aMéxico, D. F. :bTrillas,c1981. a175 p. :bil, retrs. ;c25 cm. aIncluye bibliografía p. [175]. aIncluye notas al pie de las páginas.2 aColegio de Bachilleres947840 aBNGR 001054708MOaGRbGRcCTd2010-11-30iLF1l0oxxxx R696tp23232-10r2020-06-25w2020-06-25y4ZPréstamo en sala c22729d22729